| 000 | 01121cad a22002295a 4500 | ||
|---|---|---|---|
| 001 | E148831 | ||
| 008 | 091112s2009 xxk f s000 0 eng d | ||
| 035 | _a(Sirsi) u148831 | ||
| 041 | 0 | _aeng | |
| 050 | 0 | 4 | _a333.73 $2 18 |
| 110 | 2 | _aFaber Maunsell | |
| 245 | 0 | 0 |
_aInvestigation of measures to improve the energy performance of existing buildings _bhotel _h[electronic resource] |
| 260 |
_aEdinburgh _bScottish Government _c2009 |
||
| 505 | 2 | _aExecutive summary -- Introduction -- Basis of study -- Summary of energy improvements -- Summary of cost -- Conclusions -- Recommendations -- Annexes | |
| 520 | _aPresents a case study that examines ways in which the carbon and energy performance of existing hotel buildings can be improved, whether such improvements are practical, and how much they might cost. | ||
| 521 | _aAdvanced | ||
| 590 | _aKA | ||
| 651 | 4 |
_aScotland _y1999- |
|
| 690 | _aENVIRONMENTAL AND LAND CONSULTANCY-ENERGY-ENERGY USE-ENERGY EFFICIENCY | ||
| 856 | 4 | 0 |
_uhttps://www.sbsa.gov.uk/pdfs/Impr_EP_Hospitality.pdf _zView the report free of charge (pdf file) at www.sbsa.gov.uk... |
| 942 | _n0 | ||
| 999 |
_c110251 _d110251 |
||